| 000 | 00782nam a2200241 a 4500 | ||
|---|---|---|---|
| 001 | 000016541 | ||
| 005 | 20240514195118.0 | ||
| 008 | 100308s2000 dr 000 0 spa d | ||
| 040 |
_aDO-SdBNP _bspa _cBNPHU |
||
| 082 |
_a612.3 _bE74n, 2000 |
||
| 100 | 1 |
_aEscaño Polanco, Félix Ml. _936788 |
|
| 245 | 1 | 0 |
_aNutrición y calidad de vida / _cFélix Ml. Escaño Polanco. |
| 250 | _a2. ed. ampliada. | ||
| 260 |
_aSanto Domingo : _bCentenario, _c2000. |
||
| 300 |
_a128 p. ; _c24 cm. |
||
| 500 | _aIncluye datos biográficos del autor en las solapas | ||
| 590 | _aInventariado, 2018/LP | ||
| 650 | 0 |
_aNutrición _912779 |
|
| 650 | 4 |
_aTrastornos nutricionales _936789 |
|
| 650 | 4 |
_aDieta _930867 |
|
| 650 | 0 |
_a Calidad de vida _985379 |
|
| 910 | _aValidado. Control de calidad MFF | ||
| 999 |
_c16074 _d16074 |
||